Consciousness: from perception to reflection in the history of philosophy (Record no. 22748)
[ view plain ]
| 000 -LEADER | |
|---|---|
| fixed length control field | 00990nam a22001457a 4500 |
| 082 ## - DEWEY DECIMAL CLASSIFICATION NUMBER | |
| Classification number | 100 |
| Author Cutter | HEI |
| 100 ## - MAIN ENTRY--AUTHOR NAME | |
| Author name | Heinamaa, Sara |
| 245 ## - TITLE STATEMENT | |
| Title | Consciousness: from perception to reflection in the history of philosophy |
| 260 ## - PUBLICATION, DISTRIBUTION, ETC. (IMPRINT) | |
| Place of publication | Netherlands |
| Name of publisher | Springer |
| Year of publication | 2007 |
| 300 ## - PHYSICAL DESCRIPTION | |
| Number of Pages | 366 |
| 500 ## - GENERAL NOTE | |
| General note | Despite decades of theoretization, consciousness continues to haunt contemporary philosophy of mind. The coherence and validity of the concept are in question, yet consciousness seems to resist the projects of reduction and naturalization. This collection opens a diachronical perspective to intuitions about consciousness and our aspiration of coming to grips with it. Through investigating ancient, medieval, early modern, and modern discussions in their original philosophical context, the articles offer understanding of the emergence of our problems concerning consciousness, as well as a wealth. |
| 650 ## - SUBJECT ADDED ENTRY--TOPICAL TERM | |
| Topical Term | Consciousness. |
| -- | Philosophy -- History. |
| -- | Conscience. |
| 942 ## - ADDED ENTRY ELEMENTS (KOHA) | |
| Koha item type | Books |
| Home library | Current library | Shelving location | Date acquired | Full call number | Accession Number | Koha item type |
|---|---|---|---|---|---|---|
| Henry Martyn Institute Library | Henry Martyn Institute Library | General stacks | 10/10/2019 | 100 HEI | 25621 | Books |
